000 00332nam a2200133Ia 4500
008 191201s2004 xx 000 0 und d
082 _a670
_bBAM
100 _aBAWA, H S
245 0 _aManufacturing Processes-1
260 _aN.Delhi
_bTata Mc Graw Hill Pub. co. Ltd
_c2004
300 _a283
650 _aB.Tech(ME)
942 _2ddc
_cBK
999 _c1218
_d1218